[Event "Heusenstamm Sparkassen op-B 7th"]
[Site "Heusenstamm"]
[Date "2021.11.21"]
[Round "6.24"]
[White "Bigott, Martin"]
[Black "Kuchta, Maksim"]
[Result "1-0"]
[WhiteElo "1745"]
[BlackElo "1490"]
[PlyCount "89"]
[EventDate "2021.11.18"]
[EventType "swiss"]
[EventRounds "7"]
[EventCountry "GER"]
[SourceTitle "EXT 2023"]
[Source "ChessBase"]
[SourceDate "2022.10.05"]
[SourceVersion "1"]
[SourceVersionDate "2022.10.05"]
[SourceQuality "1"]

1. g3 e5 2. Nf3 Nc6 3. d4 exd4 4. Nxd4 Bc5 5. Nxc6 bxc6 6. Bg2 Nf6 7. 0-0 0-0 8. c4 d5 9. Nc3 Bb7 10. Bg5 Be7 11. Qc2 h6 12. Bxf6 Bxf6 13. Rad1 Bxc3 14. Qxc3 Qg5 15. cxd5 cxd5 16. Qxc7 Rab8 17. b3 Rfc8 18. Qd6 Rd8 19. Qf4 Qxf4 20. gxf4 Ba6 21. Rd2 Re8 22. Re1 d4 23. Bf3 d3 24. e4 Rbc8 25. f5 f6 26. Bg2 Rc2 27. Red1 Rxd2 28. Rxd2 Rc8 29. Bf1 Rc2 30. Rd1 Rxa2 31. Bxd3 Bxd3 32. Rxd3 Re2 33. Rd4 g6 34. Rd8+ Kg7 35. Rd7+ Kg8 36. fxg6 Rxe4 37. f3 Rb4 38. Rxa7 Rxb3 39. Kf2 Rb5 40. h4 h5 41. Rf7 Rf5 42. Kg3 Kh8 43. f4 Kg8 44. Kf3 Ra5 45. Ke4 1-0

[Event "Heusenstamm Sparkassen op-B 7th"]
[Site "Heusenstamm"]
[Date "2021.11.20"]
[Round "5.15"]
[White "Jahraus, Marlis"]
[Black "Bigott, Martin"]
[Result "1-0"]
[WhiteElo "1590"]
[BlackElo "1745"]
[PlyCount "59"]
[EventDate "2021.11.18"]
[EventType "swiss"]
[EventRounds "7"]
[EventCountry "GER"]
[SourceTitle "EXT 2023"]
[Source "ChessBase"]
[SourceDate "2022.10.05"]
[SourceVersion "1"]
[SourceVersionDate "2022.10.05"]
[SourceQuality "1"]

1. e4 Nf6 2. e5 Nd5 3. d4 d6 4. exd6 cxd6 5. c4 Nf6 6. Nf3 Bg4 7. Be2 Nbd7 8. h3 Bh5 9. 0-0 e6 10. Nc3 Nb6 11. d5 e5 12. Ng5 Bg6 13. Bd3 Be7 14. Bxg6 hxg6 15. b3 Nh7 16. Nxh7 Rxh7 17. f4 Bf6 18. Qe2 Qd7 19. fxe5 Bxe5 20. Bf4 f6 21. Qe4 0-0-0 22. Bxe5 dxe5 23. Qf3 Rdh8 24. Ne4 Rh4 25. Nc5 Qd6 26. Ne6 R8h7 27. Qg3 g5 28. Qf3 e4 29. Qf5 Rxh3 30. Nxg5+ 1-0

[Event "Wiesbaden op 31st"]
[Site "Wiesbaden"]
[Date "2019.08.25"]
[Round "7"]
[White "Bigott, Martin"]
[Black "Gentner, Markus"]
[Result "1-0"]
[WhiteElo "1860"]
[BlackElo "2001"]
[PlyCount "65"]
[EventDate "2019.08.22"]
[EventType "swiss"]
[EventRounds "7"]
[EventCountry "GER"]
[SourceTitle "EXT 2020"]
[Source "ChessBase"]
[SourceDate "2019.10.17"]
[SourceVersion "1"]
[SourceVersionDate "2019.10.17"]
[SourceQuality "1"]

1. c4 Nf6 2. Nc3 c5 3. g3 d5 4. cxd5 Nxd5 5. Bg2 Nc7 6. f4 Nc6 7. Nf3 g6 8. 0-0 Bg7 9. d3 0-0 10. Be3 Ne6 11. Bf2 Rb8 12. e3 Qa5 13. Qc1 Rd8 14. Rd1 Nb4 15. Ne1 Nc7 16. a3 Nc6 17. Rb1 Be6 18. Ne4 Bb3 19. Rd2 Ne6 20. Re2 Bd5 21. Nc3 Bxg2 22. Kxg2 Rd7 23. Ne4 Rc8 24. Rc2 b6 25. b4 Qa4 26. bxc5 Rxd3 27. Rc4 Qxa3 28. Nxd3 Qxd3 29. cxb6 axb6 30. Rxb6 Ra8 31. Rbxc6 Nd8 32. Qd2 Qb1 33. Qc2 1-0

[Event "GER-ch Seniors 50 31st"]
[Site "Radebeul"]
[Date "2019.05.02"]
[Round "7"]
[White "Steinert, Frank"]
[Black "Bigott, Martin"]
[Result "0-1"]
[WhiteElo "1960"]
[BlackElo "1782"]
[PlyCount "72"]
[EventDate "2019.04.26"]
[EventType "swiss"]
[EventRounds "9"]
[EventCountry "GER"]
[SourceTitle "CBM 190 Extra"]
[Source "ChessBase"]
[SourceDate "2019.07.15"]
[SourceVersion "1"]
[SourceVersionDate "2019.07.15"]
[SourceQuality "1"]

1. e4 Nf6 2. e5 Nd5 3. d4 d6 4. Nf3 Bf5 5. Bd3 Bxd3 6. Qxd3 Nc6 7. Qb3 Nb6 8. e6 fxe6 9. h4 Qd7 10. Be3 0-0-0 11. Ng5 Re8 12. Nxe6 Na5 13. Nxf8 Nxb3 14. Nxd7 Nxa1 15. Nxb6+ axb6 16. Kd2 Nxc2 17. Kxc2 b5 18. Nc3 c6 19. a3 Rhf8 20. h5 e5 21. Rh4 Rf5 22. Ne4 Kd7 23. Ng3 Rf7 24. Re4 exd4 25. Rxe8 Kxe8 26. Bxd4 d5 27. Be5 Rxf2+ 28. Kd3 g6 29. Ke3 Rxg2 30. h6 c5 31. Kf3 Rh2 32. Nf5 Rh1 33. Nd6+ Kd7 34. Nxb5 Rxh6 35. Nc3 Rh5 36. Kf4 Rf5+ 0-1

[Event "GER-ch Seniors 50 31st"]
[Site "Radebeul"]
[Date "2019.05.01"]
[Round "6"]
[White "Reitmaier, Adolf"]
[Black "Bigott, Martin"]
[Result "1/2-1/2"]
[WhiteElo "1476"]
[BlackElo "1782"]
[PlyCount "90"]
[EventDate "2019.04.26"]
[EventType "swiss"]
[EventRounds "9"]
[EventCountry "GER"]
[SourceTitle "CBM 190 Extra"]
[Source "ChessBase"]
[SourceDate "2019.07.15"]
[SourceVersion "1"]
[SourceVersionDate "2019.07.15"]
[SourceQuality "1"]

1. c4 c5 2. Nc3 g6 3. Nf3 Bg7 4. d3 e6 5. Bf4 d6 6. Nb5 e5 7. Bg5 f6 8. Bd2 Nc6 9. e3 a6 10. Nc3 Nge7 11. Be2 0-0 12. a3 Be6 13. 0-0 Rb8 14. Rb1 b5 15. cxb5 axb5 16. d4 cxd4 17. Nxb5 d3 18. Bxd3 e4 19. Nfd4 Nxd4 20. Nxd4 Ba2 21. Ra1 Bd5 22. Be2 Rxb2 23. Qc1 Rb7 24. Bc4 Bxc4 25. Qxc4+ d5 26. Qa2 Qd7 27. Rad1 Ra8 28. Rb1 Rab8 29. Rxb7 Qxb7 30. Bb4 Nf5 31. Ne6 Kf7 32. Nc5 Qc6 33. Nxe4 Bf8 34. Bxf8 Kxf8 35. Nd2 Ne7 36. Nb3 Qc4 37. Nc1 Qxa2 38. Nxa2 Ra8 39. g3 Rxa3 40. Nb4 Rb3 41. Nc2 Rb2 42. Nd4 Kf7 43. Ra1 Rb7 44. g4 g5 45. Ra5 Rd7 1/2-1/2

[Event "GER-ch Seniors 50 31st"]
[Site "Radebeul"]
[Date "2019.04.27"]
[Round "2"]
[White "Bigott, Martin"]
[Black "Terhorst, Jochen"]
[Result "0-1"]
[WhiteElo "1782"]
[BlackElo "2165"]
[PlyCount "150"]
[EventDate "2019.04.26"]
[EventType "swiss"]
[EventRounds "9"]
[EventCountry "GER"]
[SourceTitle "CBM 190 Extra"]
[Source "ChessBase"]
[SourceDate "2019.07.15"]
[SourceVersion "1"]
[SourceVersionDate "2019.07.15"]
[SourceQuality "1"]

1. c4 c5 2. g3 g6 3. Bg2 Bg7 4. Nc3 e6 5. e3 Nc6 6. Nge2 Nge7 7. 0-0 d6 8. d3 0-0 9. Rb1 b6 10. b3 Bb7 11. Bb2 Qd7 12. Qd2 Rad8 13. Rfd1 Ne5 14. e4 f5 15. f4 N5c6 16. Nb5 e5 17. Nbc3 Nd4 18. Nd5 fxe4 19. Bxd4 Nxd5 20. Ba1 exd3 21. fxe5 dxe2 22. Bxd5+ Bxd5 23. Qxd5+ Kh8 24. Re1 Qf5 25. Qg2 Bxe5 26. Bxe5+ dxe5 27. Qxe2 Rfe8 28. Rf1 Qd3 29. Rbe1 Qxe2 30. Rxe2 Re7 31. Rfe1 Rde8 32. Re4 Kg7 33. Rf1 Rd7 34. Rfe1 Kf6 35. Rf1+ Kg7 36. Rfe1 Rde7 37. R1e2 Re6 38. Re1 Kf6 39. Rf1+ Ke7 40. Rfe1 Kd6 41. Rd1+ Kc6 42. a4 Rd6 43. Rde1 Rd3 44. R1e3 Rxe3 45. Rxe3 e4 46. Kf2 Kd6 47. Re1 Rf8+ 48. Ke2 Rf3 49. Rd1+ Ke6 50. Rb1 a5 51. Rb2 Ke5 52. Rd2 Rxb3 53. Rd7 h5 54. Rd5+ Ke6 55. Rg5 Kf7 56. Re5 Rb4 57. Rxe4 Rxa4 58. Kd3 Ra3+ 59. Kc2 Ra2+ 60. Kb3 Rxh2 61. Rf4+ Kg7 62. Re4 Rf2 63. Re6 Rf6 64. Re7+ Kh6 65. Ka4 g5 66. Kb5 g4 67. Re8 Kg5 68. Rg8+ Rg6 69. Rh8 Rh6 70. Rd8 Kf5 71. Re8 h4 72. gxh4 g3 73. h5 Kf4 74. Rf8+ Ke3 75. Rg8 Kf2 0-1

[Event "GER-ch Seniors 50 31st"]
[Site "Radebeul"]
[Date "2019.04.26"]
[Round "1"]
[White "Mueller, Rudolf"]
[Black "Bigott, Martin"]
[Result "0-1"]
[WhiteElo "2071"]
[BlackElo "1782"]
[PlyCount "46"]
[EventDate "2019.04.26"]
[EventType "swiss"]
[EventRounds "9"]
[EventCountry "GER"]
[SourceTitle "CBM 190 Extra"]
[Source "ChessBase"]
[SourceDate "2019.07.15"]
[SourceVersion "1"]
[SourceVersionDate "2019.07.15"]
[SourceQuality "1"]

1. e4 Nf6 2. e5 Nd5 3. d4 d6 4. c4 Nb6 5. exd6 exd6 6. h3 Nc6 7. d5 Ne5 8. f4 Qh4+ 9. Ke2 Bg4+ 10. Nf3 Bxf3+ 11. gxf3 Ng6 12. Qd4 0-0-0 13. Be3 Re8 14. Kd2 Be7 15. Qe4 Bf6 16. Qf5+ Kb8 17. Nc3 h5 18. a4 Bxc3+ 19. bxc3 Rxe3 20. Kxe3 Re8+ 21. Kd3 Qf2 22. Ra2 Re3+ 23. Kd4 Re2+ 0-1

[Event "Bad Woerishofen op-B 35th"]
[Site "Bad Woerishofen"]
[Date "2019.03.23"]
[Round "9.15"]
[White "Urban, Rudolf"]
[Black "Bigott, Martin"]
[Result "0-1"]
[WhiteElo "1879"]
[BlackElo "1805"]
[PlyCount "82"]
[EventDate "2019.03.15"]
[EventType "swiss"]
[EventRounds "9"]
[EventCountry "GER"]
[SourceTitle "EXT 2020"]
[Source "ChessBase"]
[SourceDate "2019.10.17"]
[SourceVersion "1"]
[SourceVersionDate "2019.10.17"]
[SourceQuality "1"]

1. d4 Nf6 2. Bf4 d6 3. e3 b6 4. Nf3 Bb7 5. Be2 Nh5 6. Bg3 Nxg3 7. hxg3 g6 8. Nbd2 Bg7 9. c3 Nd7 10. e4 e6 11. Bd3 Qe7 12. Qe2 0-0-0 13. 0-0-0 Kb8 14. Kb1 h6 15. Rhe1 Rhe8 16. Bc2 Qf8 17. Qd3 c6 18. Re2 Nf6 19. Rde1 e5 20. Nb3 c5 21. d5 Rc8 22. c4 Re7 23. Nbd2 Kc7 24. Nf1 Ra8 25. Ne3 Bc8 26. Nd2 Kd8 27. Ba4 Bd7 28. Bxd7 Rxd7 29. Nf3 Rb7 30. Rc1 Ke7 31. Nh4 Qc8 32. Rh1 a6 33. Rd1 b5 34. Rc2 Rab8 35. Ka1 h5 36. Rdc1 Bh6 37. Nef5+ gxf5 38. Nxf5+ Kd7 39. Nxh6 bxc4 40. Qxc4 Rb4 41. Qxa6 Qxa6 0-1

[Event "Heusenstamm Sparkassen op-B 5th"]
[Site "Heusenstamm"]
[Date "2018.11.24"]
[Round "5"]
[White "Bigott, Martin"]
[Black "Wirtjes, Edzard"]
[Result "1/2-1/2"]
[WhiteElo "1752"]
[BlackElo "1705"]
[PlyCount "83"]
[EventDate "2018.11.22"]
[EventType "swiss"]
[EventRounds "7"]
[EventCountry "GER"]
[SourceTitle "CBM 187 Extra"]
[Source "ChessBase"]
[SourceDate "2018.11.04"]
[SourceVersion "1"]
[SourceVersionDate "2018.11.04"]
[SourceQuality "1"]

1. Nf3 c5 2. g3 Nf6 3. Bg2 g6 4. c3 Bg7 5. d4 cxd4 6. cxd4 d5 7. 0-0 0-0 8. Nc3 h6 9. Ne5 e6 10. e3 Nbd7 11. Nd3 Nb6 12. b3 Bd7 13. Ba3 Re8 14. Rc1 Bc6 15. Ne5 Rc8 16. Rc2 a6 17. Qd3 Nbd7 18. Nxc6 Rxc6 19. Rfc1 Nb8 20. Bc5 b5 21. Ba7 Nfd7 22. Ne2 Rxc2 23. Qxc2 Bf8 24. Qc7 Qxc7 25. Rxc7 Bd6 26. Rb7 Rc8 27. Nf4 Kf8 28. Nd3 Rc2 29. Bxb8 Nxb8 30. a4 bxa4 31. bxa4 Kg7 32. Bf1 Rc8 33. Ne5 Bxe5 34. dxe5 Kf8 35. Rb6 Nd7 36. Rxa6 Nxe5 37. Kg2 Rc7 38. Ra8+ Ke7 39. a5 Nc4 40. a6 Kf6 41. Rb8 Ra7 42. Rb4 1/2-1/2

[Event "Hamburg-ch Seniors 50+"]
[Site "Hamburg"]
[Date "2018.10.28"]
[Round "7"]
[White "Bigott, Martin"]
[Black "Emami, Madjid"]
[Result "0-1"]
[WhiteElo "1807"]
[BlackElo "1993"]
[PlyCount "59"]
[EventDate "2018.10.23"]
[EventType "swiss"]
[EventRounds "7"]
[EventCountry "GER"]
[SourceTitle "CBM 190 Extra"]
[Source "ChessBase"]
[SourceDate "2019.07.15"]
[SourceVersion "1"]
[SourceVersionDate "2019.07.15"]
[SourceQuality "1"]

1. Nf3 d6 2. d4 g6 3. e4 Bg7 4. c3 Nf6 5. e5 dxe5 6. Nxe5 0-0 7. Nd2 c5 8. Ndf3 cxd4 9. Qxd4 Qc7 10. Qc4 Nc6 11. Nxc6 bxc6 12. Bf4 Qb6 13. Qb3 Qc5 14. Qc4 Qh5 15. Qxc6 Bg4 16. Be2 Rac8 17. Qb7 Nd5 18. Bd2 Rb8 19. Qxa7 Rxb2 20. Rc1 Rxd2 21. Kxd2 Bh6+ 22. Kc2 Rc8 23. Kb3 Bxc1 24. Rxc1 Nf4 25. Ba6 Qa5 26. Nd4 Nd3 27. Nb5 Nxc1+ 28. Kc2 Rd8 29. Kxc1 Qxa2 30. f3 0-1

[Event "Hamburg-ch Seniors 50+"]
[Site "Hamburg"]
[Date "2018.10.26"]
[Round "4"]
[White "Lehr, Thomas"]
[Black "Bigott, Martin"]
[Result "1/2-1/2"]
[WhiteElo "1911"]
[BlackElo "1807"]
[PlyCount "35"]
[EventDate "2018.10.23"]
[EventType "swiss"]
[EventRounds "7"]
[EventCountry "GER"]
[SourceTitle "CBM 190 Extra"]
[Source "ChessBase"]
[SourceDate "2019.07.15"]
[SourceVersion "1"]
[SourceVersionDate "2019.07.15"]
[SourceQuality "1"]

1. e4 Nf6 2. Nc3 e5 3. Nf3 Nc6 4. Bb5 d6 5. d4 exd4 6. Nxd4 Bd7 7. Nxc6 Bxc6 8. Bxc6+ bxc6 9. 0-0 Be7 10. Qe2 Nd7 11. f4 0-0 12. Qc4 c5 13. Be3 Bf6 14. Rad1 Bxc3 15. Qxc3 Qe7 16. Rde1 Qxe4 17. Bxc5 Qc6 18. Bd4 1/2-1/2

[Event "Hamburg-ch Seniors 50+"]
[Site "Hamburg"]
[Date "2018.10.25"]
[Round "3"]
[White "Bigott, Martin"]
[Black "Schwarzwald, Holger"]
[Result "1/2-1/2"]
[WhiteElo "1807"]
[BlackElo "1717"]
[PlyCount "95"]
[EventDate "2018.10.23"]
[EventType "swiss"]
[EventRounds "7"]
[EventCountry "GER"]
[SourceTitle "CBM 190 Extra"]
[Source "ChessBase"]
[SourceDate "2019.07.15"]
[SourceVersion "1"]
[SourceVersionDate "2019.07.15"]
[SourceQuality "1"]

1. Nf3 Nc6 2. d4 d5 3. g3 Bf5 4. Bg2 h6 5. 0-0 e6 6. c4 Nf6 7. Qa4 Be7 8. Ne5 0-0 9. Nxc6 bxc6 10. Qxc6 Qd6 11. cxd5 exd5 12. Qxd6 Bxd6 13. Nc3 c6 14. Bf4 Bb4 15. Rac1 Rfe8 16. Bf3 g5 17. Be3 Re6 18. Na4 Rae8 19. Nc5 Rxe3 20. fxe3 Bd2 21. Nd3 Bxe3+ 22. Kh1 Bh3 23. Bg2 Bxg2+ 24. Kxg2 Ng4 25. Rxc6 Bxd4 26. Re1 h5 27. h3 Ne3+ 28. Kh2 Nc4 29. e4 Nd2 30. Kg2 dxe4 31. Re2 e3 32. Rd6 Bb6 33. Rh6 Kg7 34. Rxh5 f6 35. h4 Kg6 36. g4 Rd8 37. Ne1 Nc4 38. hxg5 Rd2 39. Kf1 Rd4 40. Nf3 Rf4 41. Rh6+ Kg7 42. Rxf6 Rxg4 43. b3 Nd2+ 44. Nxd2 Rg1+ 45. Kxg1 exd2+ 46. Kg2 d1Q 47. Re7+ Kg8 48. Re8+ 1/2-1/2

[Event "Mittelrhein Verbandsliga-S 17/18"]
[Site "Nordrheinwestfalen"]
[Date "2018.02.04"]
[Round "7.8"]
[White "Bigott, Martin"]
[Black "Adimi, Shahriar"]
[Result "1-0"]
[WhiteElo "1682"]
[BlackElo "1830"]
[PlyCount "69"]
[EventDate "2017.09.10"]
[EventType "team-tourn"]
[EventRounds "11"]
[EventCountry "GER"]
[SourceTitle "EXT 2022"]
[Source "ChessBase"]
[SourceDate "2021.10.06"]
[SourceVersion "1"]
[SourceVersionDate "2021.10.06"]
[SourceQuality "1"]
[WhiteTeam "Lohmar"]
[BlackTeam "Euskirchen Turm"]
[WhiteTeamCountry "GER"]
[BlackTeamCountry "GER"]

1. d4 Nf6 2. Bg5 e6 3. Nd2 d5 4. Ngf3 Be7 5. e3 0-0 6. Bd3 Nbd7 7. Rc1 c5 8. c3 Qb6 9. b3 cxd4 10. cxd4 Ba3 11. Rc2 Re8 12. 0-0 h6 13. Bh4 e5 14. dxe5 Nxe5 15. Nxe5 Rxe5 16. Qa1 Rh5 17. Bxf6 gxf6 18. Be2 Re5 19. Nf3 Re4 20. Rd1 Qe6 21. Rcd2 Bc5 22. Rxd5 b6 23. Bc4 Qe7 24. Rd8+ Kg7 25. Bd5 Rg4 26. Bxa8 Ba6 27. R8d7 Qe8 28. Rxa7 Bc8 29. Bd5 Be6 30. Bxe6 Qxe6 31. Rdd7 b5 32. Rxf7+ Kg8 33. Rxf6 Qd5 34. Raa6 b4 35. Rg6+ 1-0

[Event "Solingen Karneval op"]
[Site "Solingen"]
[Date "2017.02.25"]
[Round "2"]
[White "Cornelissen, Jonas"]
[Black "Bigott, Martin"]
[Result "0-1"]
[WhiteElo "1656"]
[BlackElo "1865"]
[PlyCount "64"]
[EventDate "2017.02.24"]
[EventType "swiss"]
[EventRounds "5"]
[EventCountry "GER"]
[SourceTitle "EXT 2018"]
[Source "ChessBase"]
[SourceDate "2017.10.13"]
[SourceVersion "1"]
[SourceVersionDate "2017.10.13"]
[SourceQuality "1"]

1. d4 Nf6 2. Nf3 g6 3. c4 Bg7 4. Nc3 d5 5. Bf4 c6 6. e3 Nbd7 7. Bd3 b6 8. cxd5 Nxd5 9. Rc1 Nxf4 10. exf4 Bb7 11. Be4 Nf6 12. Bc2 0-0 13. f5 Ba6 14. Ne2 Qd5 15. fxg6 hxg6 16. Bb3 Qe4 17. Bc2 Qd5 18. Bb3 Qe4 19. Bc2 Qe6 20. Bb3 Nd5 21. Rc2 Qg4 22. 0-0 Bxe2 23. Rxe2 Nf4 24. g3 Nxe2+ 25. Qxe2 e6 26. Kg2 Rad8 27. h3 Qh5 28. Qa6 Rd7 29. Rc1 Qb5 30. Qa4 Qxa4 31. Bxa4 b5 32. Bb3 Rc8 0-1

[Event "Solingen Karneval op"]
[Site "Solingen"]
[Date "2016.02.07"]
[Round "4"]
[White "Bigott, Martin"]
[Black "Bashylina, Luisa"]
[Result "1-0"]
[WhiteElo "1908"]
[BlackElo "1624"]
[PlyCount "89"]
[EventDate "2016.02.05"]
[EventType "swiss"]
[EventRounds "5"]
[EventCountry "GER"]
[SourceTitle "EXT 2018"]
[Source "ChessBase"]
[SourceDate "2017.10.13"]
[SourceVersion "1"]
[SourceVersionDate "2017.10.13"]
[SourceQuality "1"]

1. d4 Nf6 2. Nf3 g6 3. b3 Bg7 4. Bb2 d6 5. Nbd2 0-0 6. e4 Nfd7 7. Rb1 e5 8. c3 Nc6 9. a3 Ne7 10. Bc4 Kh8 11. Ng5 Qe8 12. 0-0 h6 13. Ngf3 f5 14. Bd3 f4 15. c4 g5 16. b4 Bf6 17. c5 g4 18. cxd6 cxd6 19. dxe5 dxe5 20. Ne1 h5 21. Nc4 Qg6 22. g3 Qh6 23. Ng2 f3 24. Nge3 b5 25. Nd6 Nb6 26. Qb3 Kg7 27. Rbc1 Kh7 28. Bxb5 h4 29. Nxc8 Raxc8 30. Nxg4 Qg7 31. Qe6 Ng6 32. Rxc8 Nxc8 33. Nxf6+ Qxf6 34. Qxf6 Rxf6 35. Rd1 Nb6 36. a4 Rf7 37. a5 Nc8 38. Rd7 Rxd7 39. Bxd7 Nd6 40. b5 hxg3 41. hxg3 Nf8 42. Bc6 Nc4 43. Bc3 Ng6 44. Bd5 Nd6 45. b6 1-0

[Event "Solingen Karneval op"]
[Site "Solingen"]
[Date "2016.02.07"]
[Round "5"]
[White "Gawlick, Joachim"]
[Black "Bigott, Martin"]
[Result "0-1"]
[WhiteElo "1824"]
[BlackElo "1908"]
[PlyCount "120"]
[EventDate "2016.02.05"]
[EventType "swiss"]
[EventRounds "5"]
[EventCountry "GER"]
[SourceTitle "EXT 2018"]
[Source "ChessBase"]
[SourceDate "2017.10.13"]
[SourceVersion "1"]
[SourceVersionDate "2017.10.13"]
[SourceQuality "1"]

1. d4 Nf6 2. Nf3 g6 3. g3 Bg7 4. Bg2 d5 5. c4 c6 6. Nc3 e6 7. 0-0 Nbd7 8. c5 b6 9. cxb6 axb6 10. b4 0-0 11. Bf4 Re8 12. Ne5 Bb7 13. Qb3 Nh5 14. Nxd7 Nxf4 15. gxf4 Qxd7 16. e3 Ba6 17. Rfc1 Bc4 18. Qb2 f6 19. e4 dxe4 20. Nxe4 Bd5 21. Qd2 f5 22. Nc3 Bxg2 23. Kxg2 Qxd4 24. Qxd4 Bxd4 25. a4 c5 26. bxc5 bxc5 27. Ra2 Reb8 28. Ne2 Rb2 29. Rxb2 Bxb2 30. Rxc5 Rxa4 31. Rb5 Bf6 32. Rb7 Ra8 33. Kf3 Rd8 34. Ng1 h6 35. Kg2 Kf8 36. Nf3 g5 37. fxg5 hxg5 38. h3 Re8 39. Rd7 Re7 40. Rxe7 Kxe7 41. Kf1 Kd6 42. Ke2 Kd5 43. Ne1 Ke4 44. Ng2 Bd4 45. f3+ Ke5 46. Kd2 Bf2 47. Ke2 Bg1 48. Kf1 Bc5 49. Ke2 Kd4 50. Ne1 Bd6 51. Ng2 Bg3 52. Ne3 Bf4 53. Ng2 Ke5 54. Ne1 Bg3 55. Ng2 f4 56. Kd3 Kd5 57. Kc3 e5 58. Kd3 Bh4 59. Kd2 Kd4 60. Ke2 Kc3 0-1

[Event "Solingen Karneval op"]
[Site "Solingen"]
[Date "2016.02.06"]
[Round "3"]
[White "Erkay, Ali Necip"]
[Black "Bigott, Martin"]
[Result "1-0"]
[WhiteElo "1916"]
[BlackElo "1908"]
[PlyCount "57"]
[EventDate "2016.02.05"]
[EventType "swiss"]
[EventRounds "5"]
[EventCountry "GER"]
[SourceTitle "EXT 2018"]
[Source "ChessBase"]
[SourceDate "2017.10.13"]
[SourceVersion "1"]
[SourceVersionDate "2017.10.13"]
[SourceQuality "1"]

1. d4 Nf6 2. c4 g6 3. Nc3 d5 4. Bf4 c6 5. e3 e6 6. Nf3 Bg7 7. h3 0-0 8. Be2 Nbd7 9. 0-0 dxc4 10. Bxc4 Nd5 11. Bg3 Nxc3 12. bxc3 b6 13. a4 a6 14. Qe2 Bb7 15. Rfd1 Qe7 16. e4 b5 17. Bb3 Rfc8 18. Rab1 h6 19. c4 b4 20. a5 c5 21. d5 e5 22. Ne1 Nf6 23. Nd3 Ne8 24. f4 f6 25. fxe5 fxe5 26. Bf2 Rc7 27. Ba4 Rac8 28. Bxe8 Rxe8 29. Nxb4 1-0

[Event "Solingen Karneval op"]
[Site "Solingen"]
[Date "2016.02.05"]
[Round "1"]
[White "Beissel, Daniel"]
[Black "Bigott, Martin"]
[Result "0-1"]
[WhiteElo "1499"]
[BlackElo "1908"]
[PlyCount "82"]
[EventDate "2016.02.05"]
[EventType "swiss"]
[EventRounds "5"]
[EventCountry "GER"]
[SourceTitle "EXT 2018"]
[Source "ChessBase"]
[SourceDate "2017.10.13"]
[SourceVersion "1"]
[SourceVersionDate "2017.10.13"]
[SourceQuality "1"]

1. d4 Nf6 2. Nd2 d5 3. e3 g6 4. Ngf3 Bg7 5. Bd3 Nbd7 6. 0-0 0-0 7. c3 b6 8. Re1 Bb7 9. e4 dxe4 10. Nxe4 c5 11. Bg5 cxd4 12. Nxd4 Nxe4 13. Bxe4 Bxe4 14. Rxe4 Nf6 15. Bxf6 Bxf6 16. Qe2 Qd5 17. f4 e6 18. a3 Rfd8 19. Rd1 Rd7 20. Kf2 Rad8 21. Rd2 Qc5 22. Qe3 Kg7 23. g4 h6 24. b4 Bxd4 25. Rexd4 Qe7 26. Rxd7 Rxd7 27. Rxd7 Qxd7 28. Qd4+ Qxd4+ 29. cxd4 Kf8 30. h4 Ke7 31. Ke3 Kd6 32. a4 Kd5 33. Kd3 f6 34. a5 b5 35. g5 fxg5 36. fxg5 hxg5 37. hxg5 a6 38. Ke3 Kc4 39. Ke4 Kxb4 40. Ke5 Kc4 41. Kxe6 Kxd4 0-1

[Event "Mittelrhein Verbandsliga-O 15/16"]
[Site "Nordrheinwestfalen"]
[Date "2015.09.06"]
[Round "1"]
[White "Hoefner, Christoph"]
[Black "Bigott, Martin"]
[Result "1/2-1/2"]
[WhiteElo "1845"]
[BlackElo "1879"]
[PlyCount "36"]
[EventDate "2015.09.06"]
[EventType "team-tourn"]
[EventRounds "11"]
[EventCountry "GER"]
[SourceTitle "EXT 2022"]
[Source "ChessBase"]
[SourceDate "2021.10.06"]
[SourceVersion "1"]
[SourceVersionDate "2021.10.06"]
[SourceQuality "1"]
[WhiteTeam "Bruehl III"]
[BlackTeam "Lohmar"]
[WhiteTeamCountry "GER"]
[BlackTeamCountry "GER"]

1. d4 Nf6 2. Nf3 g6 3. c4 Bg7 4. Nc3 d5 5. cxd5 Nxd5 6. e4 Nxc3 7. bxc3 c5 8. Bb5+ Nd7 9. 0-0 0-0 10. Be3 Qa5 11. Qa4 Qxa4 12. Bxa4 cxd4 13. cxd4 Nf6 14. Bc2 b6 15. Rad1 e6 16. Rfe1 Bb7 17. Bc1 Rac8 18. Bd3 Rfd8 1/2-1/2

[Event "Leipzig VfB op 22nd"]
[Site "Leipzig"]
[Date "2015.03.05"]
[Round "5"]
[White "Petiko, Nikolai"]
[Black "Bigott, Martin"]
[Result "1-0"]
[WhiteElo "2041"]
[BlackElo "1888"]
[PlyCount "127"]
[EventDate "2015.03.03"]
[EventType "swiss"]
[EventRounds "9"]
[EventCountry "GER"]
[SourceTitle "EXT 2016"]
[Source "ChessBase"]
[SourceDate "2015.10.08"]
[SourceVersion "1"]
[SourceVersionDate "2015.10.08"]
[SourceQuality "1"]

1. d4 Nf6 2. Nc3 d5 3. Bg5 e6 4. e4 dxe4 5. Nxe4 Be7 6. Bxf6 Bxf6 7. Nf3 Be7 8. Qd2 0-0 9. 0-0-0 Qd5 10. Nc3 Qa5 11. Bc4 c6 12. Kb1 b5 13. Nd5 Qd8 14. Nxe7+ Qxe7 15. Bd3 Nd7 16. h4 Bb7 17. Qf4 Nf6 18. Ng5 Rad8 19. h5 a6 20. Qh4 Rd7 21. Rhe1 Re8 22. f4 Qd8 23. Nf3 Nd5 24. Qg3 Nf6 25. Re5 Rd5 26. Qh4 Nd7 27. Qxd8 Rxd8 28. Rxd5 cxd5 29. g4 h6 30. g5 hxg5 31. fxg5 Nf8 32. Ne5 Nd7 33. Nf3 Bc6 34. Re1 Nf8 35. Ne5 Be8 36. Ng4 f5 37. gxf6 Bxh5 38. fxg7 Kxg7 39. Ne5 Rd6 40. Rh1 Be8 41. Rg1+ Kf6 42. Rg8 Ke7 43. Rg7+ Kf6 44. Ra7 Nd7 45. Ra8 Ke7 46. Nxd7 Bxd7 47. Ra7 Rc6 48. a4 Rb6 49. axb5 axb5 50. Ka2 Kd6 51. Kb3 b4 52. Ra6 Rxa6 53. Bxa6 e5 54. dxe5+ Kc5 55. Bd3 Be6 56. Ka4 Bd7+ 57. Ka5 Bc8 58. Bg6 Be6 59. Bh7 Kc4 60. Bd3+ Kc5 61. b3 d4 62. Bg6 Kd5 63. Kxb4 Kxe5 64. Kc5 1-0

[Event "Mittelrhein Verbandsliga Ost 1415"]
[Site "Mittelrhein"]
[Date "2015.02.01"]
[Round "7.7"]
[White "Grund, Harald"]
[Black "Bigott, Martin"]
[Result "0-1"]
[WhiteElo "1873"]
[BlackElo "1881"]
[PlyCount "88"]
[EventDate "2014.09.07"]
[EventType "team-tourn"]
[EventRounds "11"]
[EventCountry "GER"]
[SourceTitle "EXT 2023"]
[Source "ChessBase"]
[SourceDate "2022.10.05"]
[SourceVersion "1"]
[SourceVersionDate "2022.10.05"]
[SourceQuality "1"]
[WhiteTeam "Bonn Stadtverwaltung"]
[BlackTeam "Lohmar"]
[WhiteTeamCountry "GER"]
[BlackTeamCountry "GER"]

1. e4 Nf6 2. e5 Nd5 3. d4 d6 4. exd6 exd6 5. Nf3 Be7 6. c4 Nf6 7. Bd3 d5 8. Ne5 Be6 9. Nc3 dxc4 10. Bxc4 Bxc4 11. Qa4+ c6 12. Qxc4 0-0 13. 0-0 Nbd7 14. Rd1 Nb6 15. Qe2 Nbd5 16. Bg5 Qd6 17. Rac1 Rae8 18. Qf3 Rd8 19. a3 Qe6 20. Bxf6 Qxf6 21. Ne4 Qxf3 22. Nxf3 Nf4 23. Kf1 Rd5 24. Nc5 Bxc5 25. Rxc5 Rfd8 26. Rxd5 Rxd5 27. g3 Ne6 28. Ke2 f6 29. Kd3 Nc5+ 30. Ke3 Ne6 31. Kd3 Kf7 32. Ke3 Ke7 33. Rd2 Rh5 34. h4 Kd6 35. Ne1 Rb5 36. Nd3 Rb3 37. Rc2 Kd5 38. Rc3 Rxc3 39. bxc3 Kc4 40. Kd2 Kb3 41. Nf4 Nxf4 42. gxf4 Kxa3 43. c4 Kb4 44. Kd3 a5 0-1